000 00388nam a2200133Ia 4500
008 220217s9999||||xx |||||||||||||| ||und||
020 _a81-86011-29-X
082 _a658.403 8 O'
100 _aO' Brien, James, A
245 0 _aManagement information systems
260 _aGalgatia publications pvt. Ltd
_bNew Delhi
_c2004
300 _b270
650 _aMANAGEMENT INFORMATION SYSTEM
999 _c173615
_d173615